000 00681nam a2200289Ia 4500
005 20260324124659.0
008 008 260324s9999 xx 000 0 eng d
020 _a9780203878439
037 _aEBOOK
040 _aCRL
040 _beng
040 _cCRL
041 _2eng
041 _aeng
084 _qCRL
100 _aSean Creaven
_91140953
245 0 _aAgainst the Spiritual Turn
245 0 _bMarxism, Realism, and Critical Theory
260 _bTaylor and Francis
260 _c2010
365 _a
365 _b290
856 _uhttp://www.taylorfrancis.com/books/9780203878439
942 _cEBOOK
999 _c1769677
_d1769677